00377 a2200109 4500001001000000005001700010008004100027245009800068100001600166773006800182999001700250ART_1475220260410161913.0260409a 10aTesting the dynamic specification of an econometric model with an application to Belgian data1 aPalm, Franz0 tEuropean economic reviewg- Vol. 8, NÂș 3 (oct. 1976)wREV13346 c27014d27014